MDQL
is popping MORE tags! Check the
thread
!
Quizzes
Events
Quiz Creation
Community
Videos
Private Events
Remove Ads
Sign In
Join for FREE
Feedback
Dark Mode
Quiz Categories
Sports
Geography
Music
Movies
Television
Just For Fun
Miscellaneous
History
Literature
Language
Science
Gaming
Entertainment
Religion
Holiday
For Kids
Quiz Lab
Recent
Popular Today
Quiz Kudos Today
Editor Picks
Curator Picks
Quizzes by...
Day
Popularity
Type
Ratings
Length
Year
Community
Subscriptions
Recent Discussions
Orange Saloon
Badges
Playlists
Quests
Create
Leaderboards
Showdown
Live 5
Trivia Bingo
Activity
Puzzle Library
Sporcle Events
Private Events
Virtual Trivia
Globe League
Become a Host
Pub Owners
SporcleCon
Opinionation
Our Games
Videos
Blog
Mobile Apps
Partnerships
Remove Ads and Go Orange
Feedback
Sports
Athletes
MLB
NBA
NHL
NFL
Soccer
Sports Teams
WWE
NCAA
Football
Premier League
Basketball
Baseball
Hockey
Golf
Tennis
Cricket
Rugby
Auto Racing
Olympics
World Cup
Sports
Athletes
MLB
NBA
NHL
NFL
Soccer
Sports Teams
WWE
NCAA
Football
Premier League
Basketball
Baseball
Hockey
Golf
Tennis
Cricket
Rugby
Auto Racing
Olympics
World Cup
Random Quiz
Search Sporcle
×
Quiz Lab
Quiz Lab
Sports
Top 10
Type in answers that appear in a list
Type in answers that appear in a list
Classic
Best Score? Go Orange.
Wrestlemania top 10s Stats
Can you name the Wrestlemania top 10s
By
benbrown
10m
40 Questions
144 Plays
144 Plays
144 Plays
Comments
Comments
Give Quiz Kudos
Give Quiz Kudos
-
- Ratings
hide this ad
Replay
Link that replays current quiz
Next Quiz
Link to next quiz in quiz playlist
You Got
0%
They Got
Avg Score
80%
Avg Friend Score
Upgrade to see
Score Distribution
Jump to the score distribution portion of the page
Score
0/40
Timer
10:00
0
Plays Today
Answer
% Correct
Big Show vs The Rock vs Mankind vs Triple H
97.2%
Triple H
97.2%
Triple H
97.2%
Triple H
97.2%
Triple H
97.2%
The Rock vs Hollywood Hulk Hogan
95.8%
Shawn Michaels vs Mr McMahon
95.8%
Shawn Michaels
95.8%
Shawn Michaels
95.8%
Shawn Michaels
95.8%
Shawn Michaels
95.8%
The Undertaker vs Triple H
94.4%
Batista vs The Undertaker
93.8%
Edge vs Mick Foley
92.4%
TLC 2
91.7%
Edge
90.3%
Edge
90.3%
Stone Cold Steve Austin vs The Rock
88.9%
John Cena
86.8%
The Undertaker
86.8%
Answer
% Correct
John Cena
86.8%
Kane
84.7%
Wrestlemania 17
81.9%
Batista
81.9%
Wrestlemania 23
80.6%
Wrestlemania 14
80.6%
Wrestlemania 19
80.6%
Randy Orton
80.6%
Wrestlemania 22
79.9%
Wrestlemania 20
79.9%
Wrestlemania 18
79.9%
Wrestlemania 21
79.9%
Wrestlemania 10
79.9%
Ric Flair
77.1%
Diesel
71.5%
Wrestlemania 3
55.6%
Shane McMahon vs Vince McMahon
46.5%
Money In The Bank
39.6%
Rythm & Blues
10.4%
Wrestlemania Ring Carts
4.9%
Quiz Playlist
Details
Report
Send in Message
Add To Playlist
Classic:
Type in answers that appear in a list
Last Updated: Feb 16, 2017
Quiz Scoreboard
CHALLENGE
Sign Up to Join the Scoreboard
Show All
Scores
Hide
Comments
May contain spoilers
Recently Published
Image Sorting: Flags VI
by Barbecue
Geography
2m
Find the 'City' Movie
by crazypaving
Movies
60s
Colored Red Africa Blitz
by spor1
Geography
45s
More to Explore
Quiz From the Vault
Featured Blog Post
14 Easter Pick-up Lines to Find Eggs With
hide this ad
You Might Also Like...
Tags
Top 10
Wrestlemania
Today's Top Quizzes in Sports
Browse Sports
hide this ad
Today's Top Quizzes in Top 10
Browse Top 10
Top Contributed Quizzes in Sports
1
Les meilleurs buteurs des matchs entre le PSG et l’OM
2
Les entraîneurs de l'OM et du PSG au 21e siècle
3
Les joueurs passés par le PSG et l'OM
4
2022 World Cup Stars
5
Players with Multiple 50 Home Run Seasons
6
Criteria MLB: Left Handed Sluggers
7
MLB Players with Two .350 Batting Average Seasons
8
Les joueurs passés par le LOSC et le RC Lens
9
NBA Logic Puzzle 2.0
10
Top 10 NHL Goal Scorers of All Time
Explore More
Trending Topics
Marvel
Disney
Harry Potter
Crossword
Anime
Kpop
NBA
The Office
WWE
Song
NFL
Country
Puzzle
Soccer
Pokémon
hide this ad
More By:
benbrown
Quiz
Plays
Rating
Category
Featured
Created
wwe figures (map)
19,087
4.26
Entertainment
Mar 1, 2014
Current WWE Superstars Wikipedia Picture
12,794
4.08
Entertainment
May 10, 2016
gta 5 10 greatest characters
6,799
2.45
Gaming
Sep 30, 2013
Merlin characters (slideshow)
4,212
4.14
Television
Feb 18, 2014
Eastenders behind bars
3,979
4.33
Television
Feb 6, 2015
Go to Creator's Profile
Score Distribution
Quiz Creator Spotlight
benbrown
Follow
Send a Message
Quizzes Created
-
Created Quiz Play Count
-
More By This Creator
Popular Quizzes Today
1
Colored Red Africa Blitz
2
Find the US States - No Outlines Minefield
3
Find the 'City' Movie
4
5x2 Blitz: Bands
5
The Countries of the World
6
Find the US States
7
Find the Countries of Europe - No Outlines Minefield
8
US States
More Sports Quizzes
1975 Cricket World Cup Quiz
Editor's Pick
Trending Quizzes
Colored Red Europe Blitz I
Colored Red Europe Blitz II
Colored Red Africa Blitz II
Colored Red Europe Blitz III
Colored Red Africa Blitz III
Recently Updated
How Do You Spell That?
pecheneg
Godzilla Movies
pecheneg
Grab Bag: 4-10 Letters
pecheneg
2024 March Madness Bracket
pecheneg
Famous TV Couples
Peacemaker
Champions League XIs: Real Madrid
pecheneg
Largest US Cities 1790-2010
pecheneg
Rides in Walt Disney World
pecheneg
Most Oscar Losses (Acting)
pecheneg
Beyoncé Albums
pecheneg
Trending Topics
Harry Potter
Kpop
Disney
Crossword
Marvel
NBA
Anime
NFL
Soccer
Pokémon
The Office
WWE
Song
Country
Puzzle
Your Account Isn't Verified!
In order to create a playlist on Sporcle, you need to verify the email address you used during registration. Go to your
Sporcle Settings
to finish the process.
Report this User
Report this user for behavior that violates our
Community Guidelines
.
Details:
Send Report
Go to the Sporcle.com Mobile Site →
Comments